Posúdenie bezpečnosti a ochrany zdravia pri práci na výbuchovej komore

Guardado en:
Detalles Bibliográficos
Autor principal: Lednár, Tomáš (Autor)
Otros Autores: Kuracina, Richard (Orientador)
Formato: Manuscrito Libro
Lenguaje:eslovaco
Publicado: 2016
Materias:
Acceso en línea:http://is.stuba.sk/zp/portal_zp.pl?podrobnosti=132097
Etiquetas: Agregar Etiqueta
Sin Etiquetas, Sea el primero en etiquetar este registro!

MARC

LEADER 00000ntm a22000003a 4500
001 stuzp58057
003 SK-STU
005 20160719155443.1
007 ta
008 150427s2015----xo-----f-mn---000-0-slo-d
040 |a STU  |b slo 
041 0 |a slo 
100 1 |a Lednár, Tomáš  |u 065000  |4 aut  |U MTF Materiálovotechnologická fakulta  |T MTF Ústav integrovanej bezpečnosti  |X 71757  |U M5000  |Y 85  |7 71757 
242 0 1 |a Assessment of health and safety at work on detonation chamber  |y eng 
245 1 0 |a Posúdenie bezpečnosti a ochrany zdravia pri práci na výbuchovej komore 
260 |c 2016 
650 4 |a Výbuchová komora  |2 slo 
650 4 |a Riziko  |2 slo 
650 4 |a Prach  |2 slo 
650 4 |a Risk  |2 eng 
650 4 |a Dust  |2 eng 
650 4 |a Detonation chamber  |2 eng 
700 1 |a Kuracina, Richard  |u 065200  |k Z1  |4 ths  |U MTF Ústav integrovanej bezpečnosti  |T MTF Katedra bezpečnostného inžinierstva  |X 38282  |U M5200  |Y 192  |7 A000038282 
856 4 |u http://is.stuba.sk/zp/portal_zp.pl?podrobnosti=132097 
996 |c M* BP-7511  |l MMSKP  |s P  |a 0  |w stuzp58057_0001 
SQL |a stuzp58057  |b DBP  |c SLO  |d Posúdenie bezpečnosti a ochrany zdravia pri práci na výbuchovej komore  |e 71757  |f Lednár, Tomáš  |g 065000  |h 38282  |i Kuracina, Richard  |j 20160620  |k 1486  |l 06  |m http://is.stuba.sk/zp/portal_zp.pl?podrobnosti=132097  |n B-IBE  |o 8.3.5. bezpečnosť a ochrana zdravia pri práci